00781nam a22002177a 450000500170000001000150001702000320003202000340006403500130009803700130011108200080012424500910013226000290022327000540025230000320030650000190033870000270035794200220038499900170040695201400042320100804122956.0 aENG-100794 c1095.00a8173043531(Series) c1095.00a817304712X( vol vii) aEN-84327 bDBAD/PUB a921 aJayaprakash Narayan :cedited by Bimal Prashad bselected works volume vii (1954-1960) aNew DelhibManoharc2007 a4753/23 Ansari Road, DaryaganjbNew Delhie110002 aV.7. xxviii,676pb24cm (Hb) aIncludes index aPrashad, Bimal 96065 2ddccENh921mJAY c42351d42351 001040718NFICaDBADbDBADd2010-08-18eDBAD/PUBg1095.00l0o921 JAYpEN-84327r2010-08-18 00:00:00t1v1095.00w2010-08-18yENzv 7